Pokédex régional de Sinnoh - Statistiques

Statistiques générales
  • Ce quiz a été pris 473 fois
  • Le résultat moyen est 154 sur 210
Statistiques - réponses
Pokédex % Correct
005 Chimpenfeu
99%
004 Ouisticram
99%
006 Simiabraz
99%
007 Tiplouf
99%
003 Torterra
99%
001 Tortipouss
99%
002 Boskara
98%
012 Etouraptor
98%
010 Etourmi
98%
011 Etourvol
98%
009 Pingoléon
98%
008 Prinplouf
97%
149 Dialga
94%
018 Luxio
94%
019 Luxray
94%
150 Palkia
94%
017 Lixy
92%
027 Roserade
92%
014 Castorno
91%
013 Keunotor
91%
025 Rozbouton
91%
026 Rosélia
90%
210 Giratina
89%
099 Mélo
89%
031 Racaillou
88%
148 Créfadet
87%
032 Gravalanch
87%
146 Créhelf
86%
033 Grolem
86%
056 Mustébouée
86%
057 Mustéflott
86%
034 Onix
86%
147 Créfollet
85%
015 Crikzik
85%
024 Léviator
85%
023 Magicarpe
85%
016 Mélokrik
85%
035 Steelix
85%
111 Carchacrok
84%
036 Kranidos
84%
116 Lucario
84%
028 Nosferapti
84%
030 Nostenfer
84%
199 Elekable
83%
109 Griknot
83%
039 Bastiodon
82%
143 Blizzaroi
82%
110 Carmache
82%
197 Elekid
82%
040 Machoc
82%
029 Nosferalto
82%
115 Riolu
82%
142 Blizzi
81%
038 Dinoclier
81%
071 Ectoplasma
81%
091 Galopa
81%
041 Machopeur
81%
202 Maganon
81%
101 Mélodelfe
81%
090 Ponyta
81%
020 Abra
80%
022 Alakazam
80%
054 Apireine
80%
053 Apitrini
80%
198 Elektek
80%
021 Kadabra
80%
042 Mackogneur
80%
201 Magmar
80%
100 Mélofée
80%
070 Spectrum
80%
037 Charkos
79%
069 Fantominus
79%
084 Moufouette
79%
104 Pikachu
79%
076 Chaglam
78%
045 Cheniti
78%
075 Corboss
78%
145 Dimoret
78%
144 Farfuret
78%
200 Magby
78%
073 Magirêve
78%
105 Raichu
78%
164 Aquali
77%
089 Archéodong
77%
077 Chaffreux
77%
046 Cheniselle
77%
074 Cornèbre
77%
163 Evoli
77%
170 Givrali
77%
112 Goinfrex
77%
103 Pichu
77%
108 Spiritomb
77%
165 Voltali
77%
088 Archéomire
76%
049 Armulys
76%
051 Blindalys
76%
058 Ceribou
76%
048 Chenipotte
76%
072 Feuforêve
76%
085 Moufflair
76%
096 Ptiravi
76%
166 Pyroli
76%
060 Sancoki
76%
067 Laporeille
75%
097 Leveinard
75%
168 Noctali
75%
055 Pachirisu
75%
047 Papilord
75%
052 Papinox
75%
113 Ronflex
75%
061 Tritosor
75%
059 Ceriflor
74%
066 Grodrive
74%
098 Leuphorie
74%
169 Phyllali
74%
065 Baudrive
73%
130 Coatox
73%
068 Lockpin
73%
167 Mentali
73%
050 Charmillon
72%
152 Motisma
72%
175 Togekiss
72%
129 Cradopaud
71%
093 Simularbre
71%
173 Togepi
71%
178 Magnéti
70%
179 Magnéton
70%
205 Mammochon
70%
092 Manzaï
70%
063 Capumain
69%
204 Cochignon
69%
159 Gardevoir
69%
180 Magnézone
69%
094 Mime. Jr
69%
095 M. Mime
69%
174 Togetic
69%
044 Akwakwak
68%
128 Drascore
68%
158 Kirlia
68%
157 Tarsal
68%
131 Vortente
68%
064 Capidextre
67%
087 Charmina
67%
160 Gallame
67%
082 Korillon
67%
203 Marcacrin
67%
043 Psykokwak
67%
127 Rapion
67%
083 Eoko
66%
151 Manaphy
66%
086 Méditikka
66%
188 Rhinastoc
66%
154 Scorvol
66%
122 Hippopotas
65%
208 Momartik
65%
207 Oniglali
65%
186 Rhinocorne
65%
153 Scorplane
65%
206 Stalgamin
65%
138 Barpau
64%
123 Hippodocus
64%
102 Pijako
64%
187 Rhinoféros
64%
139 Milobellus
63%
183 Yanma
63%
184 Yanméga
63%
182 Bouldeneu
62%
155 Tarinor
62%
117 Axoloto
61%
135 Luminéon
61%
118 Maraiste
61%
191 Noctunoir
61%
181 Saquedeneu
61%
156 Tarinorme
61%
134 Ecayon
60%
195 Insécateur
60%
062 Scarhino
60%
189 Skelénox
60%
078 Poissirène
59%
079 Poissoroy
59%
192 Porygon
59%
190 Téraclope
59%
140 Babimanta
58%
196 Cizayox
58%
141 Démanta
58%
194 Porygon-Z
58%
162 Coudlangue
57%
161 Excelangue
57%
193 Porygon2
56%
136 Tentacool
56%
137 Tentacruel
56%
081 Barbicha
55%
132 Rémoraid
55%
114 Zarbi
55%
080 Barloche
54%
177 Démolosse
54%
133 Octillery
54%
176 Malosse
53%
120 Bekipan
51%
119 Goélise
51%
126 Azumarill
50%
125 Marill
50%
124 Azurill
49%
209 Absol
48%
121 Girafarig
47%
185 Tropius
41%
106 Hoothoot
35%
107 Noarfang
33%
172 Altaria
31%
171 Tylton
30%
Aucun quiz correspondant
Distribution des résultats
% des personnes avec chaque résultat
Percentile par nombre de réponses
Votre historique - résultats
Vous n’avez pas pris ce quiz